La Victoria de Bush, Fallujah, y el reto de la derecha republicana al Movimiento Global por la paz /
Spremljeno u:
| Glavni autor: | |
|---|---|
| Format: | Tekst |
| Teme: | |
| Oznake: |
Dodaj oznaku
Bez oznaka, Budi prvi tko označuje ovaj zapis!
|
MARC
| LEADER | 00000 a a2200000 04500 | ||
|---|---|---|---|
| 001 | 11025 | ||
| 003 | |||
| 040 | |||
| 100 | |a Bello, Walden | ||
| 245 | |a La Victoria de Bush, Fallujah, y el reto de la derecha republicana al Movimiento Global por la paz / |c Walden Bello | ||
| 650 | |a ELECCIONES | ||
| 650 | |a PRESIDENCIA | ||
| 650 | |a IMPERIALISMO | ||
| 650 | |a CRISIS | ||
| 650 | |a GUERRA | ||
| 773 | |g volumen 5, número 15; páginas 91-98 | ||
| 999 | |c 28363 |d 28363 | ||
